<?xml version="1.0" encoding="UTF-8"?>
<record
    xmlns:xsi="http://www.w3.org/2001/XMLSchema-instance"
    xsi:schemaLocation="http://www.loc.gov/MARC21/slim http://www.loc.gov/standards/marcxml/schema/MARC21slim.xsd"
    xmlns="http://www.loc.gov/MARC21/slim">

  <leader>01989nam a2200313 a 4500</leader>
  <controlfield tag="001">BRCA_3073</controlfield>
  <controlfield tag="005">20190320204110.0</controlfield>
  <controlfield tag="008">270109s1815----fr-a---###---#000-0#fre-u</controlfield>
  <datafield tag="041" ind1=" " ind2=" ">
    <subfield code="a">fre</subfield>
  </datafield>
  <datafield tag="044" ind1=" " ind2=" ">
    <subfield code="a">fr</subfield>
  </datafield>
  <datafield tag="084" ind1=" " ind2=" ">
    <subfield code="a">380</subfield>
    <subfield code="b">.D47</subfield>
    <subfield code="c">1821</subfield>
  </datafield>
  <datafield tag="100" ind1="1" ind2=" ">
    <subfield code="a">Cervantes Saavedra, Miguel de</subfield>
    <subfield code="d">1547-1616</subfield>
    <subfield code="9">213</subfield>
  </datafield>
  <datafield tag="245" ind1="1" ind2="0">
    <subfield code="a">L&#xB4;Ing&#xE9;nieux Chevalier Don Quixote de la Manche</subfield>
    <subfield code="c">Miguel de Cervantes Saavedra.</subfield>
  </datafield>
  <datafield tag="260" ind1=" " ind2=" ">
    <subfield code="a">Par&#xED;s</subfield>
    <subfield code="b">Desoer</subfield>
    <subfield code="c">1821</subfield>
  </datafield>
  <datafield tag="300" ind1=" " ind2=" ">
    <subfield code="a">4 v.</subfield>
    <subfield code="b">il.</subfield>
    <subfield code="c">15 cm.</subfield>
    <subfield code="e">Mapa plegable a color</subfield>
  </datafield>
  <datafield tag="500" ind1=" " ind2=" ">
    <subfield code="a">Contenido : v 1. Primera parte. Pr&#xF3;logo del autor. Texto. -- v 2. Texto. -- v 3. Segunda parte. Pr&#xF3;logo del autor. Texto. -- v 4. Texto. Aficiones a las notas. Proverbios y sentencias del Quijote</subfield>
  </datafield>
  <datafield tag="500" ind1=" " ind2=" ">
    <subfield code="a">Edici&#xF3;n : Traduite et annot&#xE9; par Delaunay</subfield>
  </datafield>
  <datafield tag="500" ind1=" " ind2=" ">
    <subfield code="a">La versi&#xF3;n francesa de De Launay. Si bien su traducci&#xF3;n no llega a ser perfecta, es superior en todo a cuantas le precedieron, puesto que en ella se restituyeron muchos pasajes que en las anteriores se hab&#xED;an suprimido o abreviado. Verdad es que omite los verbos preliminares y las dedicatorias de ambas partes, pero as&#xED; y todo, merece su traducci&#xF3;n toda clase de alabanzas. Edici&#xF3;n bien impresa con caracteres peque&#xF1;os pero claros. Las 4 portadas est&#xE1;n grabadas y cada una tiene una vi&#xF1;eta representando escenas del Quijote, dibujadas por Deveria de quien son tambi&#xE9;n los dem&#xE1;s dibujos. Al final del volumen I a&#xF1;ade proverbios y sentencias del Quijote. Fina piel; lomos y tapas con adornos dorados L&#xFA;dovik Osterc</subfield>
  </datafield>
  <datafield tag="546" ind1=" " ind2=" ">
    <subfield code="a">Texto en : franc&#xE9;s</subfield>
  </datafield>
  <datafield tag="650" ind1="1" ind2="4">
    <subfield code="a">Novela espa&#xF1;ola</subfield>
    <subfield code="y">&#xC9;poca cl&#xE1;sica, 1500-1700</subfield>
    <subfield code="9">215</subfield>
  </datafield>
  <datafield tag="650" ind1="1" ind2="4">
    <subfield code="a">Literatura espa&#xF1;ola</subfield>
    <subfield code="y">&#xC9;poca cl&#xE1;sica, 1500-1700</subfield>
    <subfield code="9">216</subfield>
  </datafield>
  <datafield tag="650" ind1="1" ind2="4">
    <subfield code="a">Novela espa&#xF1;ola</subfield>
    <subfield code="y">Siglo XVII</subfield>
    <subfield code="9">217</subfield>
  </datafield>
  <datafield tag="650" ind1="1" ind2="4">
    <subfield code="a">Don Quijote (Personaje ficticio)</subfield>
    <subfield code="e">Novela</subfield>
    <subfield code="9">218</subfield>
  </datafield>
  <datafield tag="700" ind1="1" ind2=" ">
    <subfield code="a">Delaunay, Sonia</subfield>
    <subfield code="d">1905-1941</subfield>
    <subfield code="e">Traductor</subfield>
    <subfield code="9">8399</subfield>
  </datafield>
  <datafield tag="700" ind1="1" ind2=" ">
    <subfield code="a">Dever&#xED;a</subfield>
    <subfield code="e">Ilustrador</subfield>
    <subfield code="9">8400</subfield>
  </datafield>
  <datafield tag="740" ind1="0" ind2=" ">
    <subfield code="a">El Ingenioso Hidalgo Don Quijote de la Mancha</subfield>
  </datafield>
  <datafield tag="902" ind1=" " ind2=" ">
    <subfield code="a">QFM</subfield>
  </datafield>
  <datafield tag="942" ind1=" " ind2=" ">
    <subfield code="2">lcc</subfield>
    <subfield code="c">B</subfield>
  </datafield>
  <datafield tag="999" ind1=" " ind2=" ">
    <subfield code="c">2809</subfield>
    <subfield code="d">2809</subfield>
  </datafield>
  <datafield tag="952" ind1=" " ind2=" ">
    <subfield code="0">0</subfield>
    <subfield code="1">0</subfield>
    <subfield code="4">0</subfield>
    <subfield code="7">0</subfield>
    <subfield code="a">BRCA</subfield>
    <subfield code="b">BRCA</subfield>
    <subfield code="d">2009-01-27</subfield>
    <subfield code="l">0</subfield>
    <subfield code="o">380 .D47 1821</subfield>
    <subfield code="p">3070</subfield>
    <subfield code="r">2019-03-22 00:00:00</subfield>
    <subfield code="w">2019-03-22</subfield>
    <subfield code="y">B</subfield>
  </datafield>
</record>
